| 000 | 01316nam a2200337 a 4500 | ||
|---|---|---|---|
| 001 | 000111198 | ||
| 003 | CHAP | ||
| 005 | 20220329144202.0 | ||
| 008 | 150119s2014 mx sm |||||||spa d | ||
| 010 | _a107660 | ||
| 011 | _a108632 | ||
| 040 | _cCHAP | ||
| 090 | _aTesis | ||
| 100 | 1 |
_aPérez Morales, Arbey _9129023 |
|
| 245 | 1 | 0 |
_aComportamiento de ciento veinte trigos harineros (Triticum aestivum L.) a nivel de plántulas al daño de la roya amarilla (Puccinia striiformis) _h[En línea] _cpor Arbey Pérez Morales. |
| 260 |
_aChapingo, Méx. : _bEl autor, _c2014. |
||
| 500 | _aPara ver el contenido del material haga clic en la liga | ||
| 502 | _aTesis (Ing. Agr. Esp. en Parasitología Agrícola) -- UACH. Departamento de Parasitología Agícola | ||
| 590 |
_aE11695DGD _b10 _c20150120 _lUCH01 _h1120 |
||
| 590 |
_aE5765TAJ _b05 _c20150119 _lUCH01 _h0905 |
||
| 590 |
_aE5765TAJ _b05 _c20150119 _lUCH01 _h0905 |
||
| 650 |
_aTrigo _xVariedades resistentes a enfermedades _9115120 |
||
| 650 | 1 | 4 |
_aRoya del trigo. _9100390 |
| 650 | 1 | 4 |
_aTrigo harinero. _9126520 |
| 650 | 1 | 4 |
_aTrigo _xEnfermedades por hongos. _9115018 |
| 650 | 1 | 4 |
_aTrigo _xResistencia a enfermedades. _9115093 |
| 856 |
_aFinding aid _uhttp://10.13.5.2/tesis/sist111198.pdf _zTeclea aquí |
||
| 901 | _aBK | ||
| 942 | _cTESIS | ||
| 942 | _n0 | ||
| 999 |
_c107660 _d107660 |
||